| 000 | 00933nam0a22002411 4500 | ||
|---|---|---|---|
| 001 | v19\rc\1760588 | ||
| 005 | 20061204155956.7 | ||
| 035 | _a(NLR Aleph) 004861262 | ||
| 090 |
_a5013222 _c5013222 |
||
| 100 | _a20061204d1903 |||y0rusy50 ca | ||
| 101 | 0 | _arus | |
| 102 | _aRU | ||
| 105 | _aa z ||||| | ||
| 200 | 1 |
_aК вопросу о сырости стен _f[Соч.] Д-ра мед. С.И. Ковалевского _gИз Гигиенич. лаборатории Воен.-мед. акад. проф. С.В. Шидловского |
|
| 210 |
_aСанкт-Петербург _cэлектро-тип. Н.Я. Стойковой _d1903 |
||
| 215 |
_a[2], 121 с. _cил. _d21 |
||
| 320 | _aБиблиогр. в примеч. | ||
| 700 | 1 |
_aКовалевский _bС. И. _f1864- _gСократ Иванович |
|
| 801 | 0 |
_aRU _bNLR _gpsbo |
|
| 801 | 1 |
_aRU _bProSoft-M _2rusmarc |
|
| 852 |
_aNLR _j38.20.5.31 |
||
| 942 | _cBOOK | ||
| 980 | _aNB | ||